000 003890000a22001450004500
003 LK-CoMWRAF
008 230817t ||||| |||| 00| 0 eng d
040 _aLK-CoMWRAF
_dLK-CoMWRAF
_eLK-CoMWRAF
041 _aeng
082 _a006
_bREP
245 _aReport of The Commission of Ifnquiry on Local Covernment Reforms 1999
_b
260 _aColombo
_b
_c1999
300 _ap.634
942 _cBK
999 _c187
_d187